Sanat - "Yksinäisen keijun tarina" - Chisu - Statistics

Yleistilastot
  • Tätä visaa on pelattu 299 kertaa
  • Keskiarvotulos 112 / 139
Vastaustilastot
Vastaus % Oikein
keiju
99%
ei
94%
ja
93%
me
93%
suru
93%
keijun
92%
muka
92%
on
92%
On
92%
näin
91%
fauni
90%
kaikki
90%
meillä
90%
paratiisi
90%
täällä
90%
vasta
90%
kun
89%
pois
89%
hän
88%
kuin
88%
mukanaan
88%
nukkui
88%
vie
88%
jos
87%
et
86%
keijuja
86%
oli
86%
pieni
86%
saa
86%
aina
85%
kuinka
85%
se
85%
tuo
85%
keijunkin
84%
kiinni
84%
niin
84%
olla
84%
peikon
84%
faunin
83%
joskus
83%
maassa
83%
sitä
83%
tosissaan
83%
hieroi
82%
olemassa
82%
ottanut
82%
siivekäs
82%
surullisia
82%
aamuisin
81%
vois
81%
että
80%
hymähti
80%
jaksaisi
80%
keijupölyä
80%
koe
80%
lentää
80%
mut
80%
ollu
80%
otti
80%
Siipiinsä
80%
tarina
80%
hällä
79%
vaan
79%
ajat
78%
kaikkia
78%
kovat
78%
kuka
78%
takana
78%
kosketti
77%
Ois
77%
uskois
77%
Yksinäisen
77%
vakavasti
75%
vastatuulessakin
74%
kerran
72%
lähekkäin
70%
murheistaan
70%
vaikka
70%
peikot
69%
elettäisiin
67%
fauneja
67%
mainitsi
66%
silloin
66%
haltijat
64%
Pää
62%
ennen
61%
vaati
59%
yhden
59%
hengen
58%
miksi
58%
muistettiin
58%
lohdutteli
57%
sillä
56%
kera
52%
toistettiin
51%
huokausten
49%
kaikkialla
49%
painoksissa
30%
Ehtoja vastaavia visoja ei löytynyt
Tulosjakauma
Jokaisen tuloksen saaneiden osuus
Persentiili vastausten määrän mukaan
Tuloshistoriasi
Et ole pelannut tätä visaa